logo

Bir Sreshtho Munshi Abdur Rouf Library
Jhenaidah Cadet College

Migration and Development : (Record no. 8992)

MARC details
000 -LEADER
fixed length control field 00597nam a2200217 a 4500
001 - CONTROL NUMBER
JCCL Control Number 8992
003 - CONTROL NUMBER IDENTIFIER
JCCL marc code BD-JhCC
005 - DATE AND TIME OF LATEST TRANSACTION
control field 20180306132437.0
008 - FIXED-LENGTH DATA ELEMENTS--GENERAL INFORMATION
fixed length control field 180306s2005 bg a|||| |||| 001 0 eng d
020 ## - INTERNATIONAL STANDARD BOOK NUMBER
International Standard Book Number 984051752X
035 ## - SYSTEM CONTROL NUMBER
system control number (BD-JhCC)8992
040 ## - CATALOGING SOURCE
Original cataloging agency BD-JhCC
Modifying agency BD-JhCC
041 ## - LANGUAGE CODE
Language code of Book eng
082 ## - DEWEY DECIMAL CLASSIFICATION NUMBER
Classification number 304.82
Author mark and Year MIG 2005
245 ## - TITLE STATEMENT
Title Migration and Development :
Remainder of title Pro-Poor Policy Choices /
Statement of responsibility, etc Tasneem Siddiqui
260 ## - PUBLICATION, DISTRIBUTION, ETC. (IMPRINT)
Place of publication, distribution, etc Dhaka :
Name of publisher, distributor, etc The Universiyy Press Limited,
Date of publication, distribution, etc 2005.
300 ## - PHYSICAL DESCRIPTION
Pagination 487 p. :
Dimensions 21 cm.
Other physical details ill. ;
504 ## - BIBLIOGRAPHY, ETC. NOTE
Bibliography, etc Include index
700 ## - ADDED ENTRY--PERSONAL NAME
Personal name Siddiqui, Tasneem
942 ## - ADDED ENTRY ELEMENTS (KOHA)
Source of classification or shelving scheme Dewey Decimal Classification
Koha item type Books
Holdings
Source of classification or shelving scheme Damaged status Not for loan Home library Current library Shelving location Date of accession Cost, normal purchase price Total Checkouts Full call number Barcode Date last seen Copy number Koha item type
Dewey Decimal Classification     JCC Rouf Library JCC Rouf Library General Stacks 03/06/2018 540.00   304.82 MIG 2005 11928 03/06/2018 C-1 Books
Dewey Decimal Classification     JCC Rouf Library JCC Rouf Library General Stacks 03/08/2018 540.00   304.82 MIG 2005 12117 03/08/2018 C-2 Books

JCC Library | Contacts | JCC Home

Last Update on 23 September 2017
Copyright @ 2017-2020 JCC Rouf Library
Rouf Library, Jhenidah Cadet College (JCC), Bangladesh